[Event "4NCL Online Division 6"]
[Site "online"]
[Date "2020.11.17"]
[Round "7.212"]
[White "Doyle, Jamie"]
[Black "Turner, Jamie"]
[Result "0-1"]
[WhiteElo "1667"]
[BlackElo "1525"]
[PlyCount "96"]
[EventDate "2020.11.17"]
[WhiteTeam "Wessex Some Stars E"]
[BlackTeam "MCS Oxford B"]

1. e4 c5 2. Nf3 d6 3. Bc4 Nc6 4. Nc3 Nf6 5. O-O g6 6. d3 Bg7 7. Bd2 O-O 8. Qe2
Bg4 9. Qe3 Bxf3 10. Qxf3 Ne5 11. Qe2 Nxc4 12. dxc4 Qb6 13. b3 Nd7 14. Rab1 Ne5
15. f4 Nc6 16. Nd5 Qd8 17. f5 Nd4 18. Qd3 Qd7 19. c3 Nc6 20. f6 exf6 21. Nxf6+
Bxf6 22. Rxf6 Rad8 23. Bf4 Ne5 24. Bxe5 dxe5 25. Qd5 b6 26. Rd1 Qe7 27. Rd6
Rxd6 28. Qxd6 Re8 29. Qc6 Rd8 30. Rc1 Qg5 31. Rf1 Qe3+ 32. Kh1 Qxc3 33. Qc7 Rf8
34. Qxa7 Qd3 35. Rg1 Qxe4 36. Qxb6 Ra8 37. Qxc5 Rxa2 38. Qc8+ Kg7 39. Qh3 Ra3
40. Qg3 f6 41. Re1 Qc2 42. Qf3 Qxb3 43. Qc6 Ra7 44. Rf1 Rf7 45. c5 Qb7 46. Qd6
Qb5 47. Kg1 Qc4 48. Kh1 Qxf1# 0-1

[Event "4NCL Online Division 6"]
[Site "online"]
[Date "2020.11.17"]
[Round "7.213"]
[White "Hamid, Adam"]
[Black "Deacon, Matthew"]
[Result "1-0"]
[WhiteElo "1585"]
[BlackElo "1607"]
[PlyCount "39"]
[EventDate "2020.11.17"]
[WhiteTeam "MCS Oxford B"]
[BlackTeam "Wessex Some Stars E"]

1. e4 c5 2. Nf3 g6 3. d4 cxd4 4. Nxd4 Nc6 5. Nc3 Bg7 6. Be3 Nf6 7. Bc4 O-O 8.
f3 Qb6 9. Bb3 Ng4 10. Nxc6 Qxe3+ 11. Qe2 Bxc3+ 12. Kf1 Nxh2+ 13. Rxh2 Qf4 14.
Nxe7+ Kg7 15. Rh1 Bxb2 16. Rd1 Ba3 17. Nd5 Qe5 18. Qe3 b6 19. Qh6+ Kh8 20.
Qxh7# 1-0

[Event "4NCL Online Division 6"]
[Site "online"]
[Date "2020.11.17"]
[Round "7.214"]
[White "Cuthbert, Larissa"]
[Black "Li, Reya"]
[Result "0-1"]
[WhiteElo "1472"]
[BlackElo "1510"]
[PlyCount "68"]
[EventDate "2020.11.17"]
[WhiteTeam "Wessex Some Stars E"]
[BlackTeam "MCS Oxford B"]

1. e4 e5 2. Nf3 Nc6 3. Bc4 Bc5 4. b4 Bxb4 5. c3 Ba5 6. d4 exd4 7. O-O d6 8. Qb3
Qf6 9. Bg5 Qg6 10. cxd4 h6 11. Bf4 Nge7 12. Nbd2 Bh3 13. Nh4 Qg4 14. g3 Bxf1
15. Rxf1 O-O-O 16. Bxf7 Nxd4 17. Qc4 Nec6 18. Rb1 Bxd2 19. Bxd2 Qxe4 20. Bc3
Qxb1+ 21. Kg2 Qe4+ 22. Kh3 d5 23. Qa4 Rhf8 24. Bxd4 Qxd4 25. Be6+ Kb8 26. Qb3
Rf6 27. Bg4 Qxf2 28. a4 Qf1+ 29. Ng2 h5 30. Bd1 Rf2 31. Kh4 Rxg2 32. Kxh5 Rxh2+
33. Kg4 Ne5+ 34. Kg5 Qf6# 0-1

[Event "4NCL Online Division 6"]
[Site "online"]
[Date "2020.11.17"]
[Round "7.221"]
[White "Ward, George"]
[Black "Newton, Ben"]
[Result "1/2-1/2"]
[WhiteElo "1772"]
[BlackElo "1682"]
[PlyCount "121"]
[EventDate "2020.11.17"]
[WhiteTeam "MK Phoenix 3"]
[BlackTeam "Ashton 2"]

1. Nf3 e6 2. d4 d5 3. c3 Nf6 4. Nbd2 Bd6 5. e3 c5 6. Bd3 Nc6 7. O-O O-O 8. h3
Qc7 9. dxc5 Bxc5 10. e4 Rd8 11. exd5 exd5 12. Qc2 Ne5 13. Nxe5 Qxe5 14. Nf3 Qc7
15. Bg5 Be7 16. Rfe1 Re8 17. Bxf6 gxf6 18. Bxh7+ Kg7 19. Bf5 Bxf5 20. Qxf5 Bd6
21. Qxd5 Be5 22. Nxe5 Rxe5 23. Rxe5 Qxe5 24. Qxb7 Re8 25. Qxa7 Qe2 26. Rf1 Rd8
27. Qa4 Rd2 28. Qg4+ Qxg4 29. hxg4 Rxb2 30. Rc1 Rxa2 31. c4 Kf8 32. f3 Ke7 33.
Kh2 Kd6 34. Kh3 Kc6 35. g3 Ra4 36. f4 Ra8 37. Rc3 Kc5 38. Re3 Ra1 39. Re7 Kxc4
40. Rxf7 Ra6 41. Kh4 Kd5 42. Re7 Ra8 43. g5 f5 44. g4 Rh8+ 45. Kg3 fxg4 46.
Kxg4 Rh1 47. g6 Rg1+ 48. Kf5 Kd6 49. Re1 Rxe1 50. Kf6 Re6+ 51. Kf7 Re7+ 52. Kf6
Re6+ 53. Kg5 Ke7 54. f5 Re1 55. f6+ Kf8 56. Kh6 Kg8 57. Kg5 Rg1+ 58. Kf5 Re1
59. Kg5 Re2 60. Kf5 Re1 61. Kg5 1/2-1/2

[Event "4NCL Online Division 6"]
[Site "online"]
[Date "2020.11.17"]
[Round "7.222"]
[White "Shaughnessy, Phillip"]
[Black "Whiteside, Robert"]
[Result "0-1"]
[WhiteElo "1510"]
[BlackElo "1792"]
[PlyCount "58"]
[EventDate "2020.11.17"]
[WhiteTeam "Ashton 2"]
[BlackTeam "MK Phoenix 3"]

1. b4 e6 2. a3 Nf6 3. Bb2 c5 4. b5 d5 5. e3 Be7 6. Nf3 O-O 7. d4 c4 8. Nbd2 Qa5
9. a4 c3 10. Nb3 cxb2+ 11. Nxa5 bxa1=Q 12. Qxa1 Bb4+ 13. c3 Bxa5 14. Bd3 Nbd7
15. O-O Nb6 16. Ne5 Bd7 17. f4 Rfc8 18. Rc1 Rc7 19. Qa3 Rac8 20. g4 Be8 21. g5
Nfd7 22. Qd6 Nxe5 23. Qxe5 Nc4 24. Bxc4 Rxc4 25. e4 Bc7 26. exd5 Bxe5 27. dxe5
exd5 28. Rd1 Rxf4 29. Rxd5 Rxa4 0-1

[Event "4NCL Online Division 6"]
[Site "online"]
[Date "2020.11.17"]
[Round "7.223"]
[White "Cox, Lucian"]
[Black "Mundy, Jack"]
[Result "0-1"]
[WhiteElo "1600"]
[BlackElo "1472"]
[PlyCount "80"]
[EventDate "2020.11.17"]
[WhiteTeam "MK Phoenix 3"]
[BlackTeam "Ashton 2"]

1. e4 e5 2. f4 d5 3. exd5 exf4 4. Nc3 Qh4+ 5. Ke2 Nf6 6. Nf3 Bg4 7. d3 Bb4 8.
Nb5 O-O 9. c3 Re8+ 10. Kd2 Ba5 11. Nxh4 Bxd1 12. Kxd1 Nxd5 13. b4 Bb6 14. Bd2
c6 15. Nd6 Re7 16. Nhf5 Rd7 17. c4 Ne3+ 18. Bxe3 fxe3 19. c5 Bc7 20. Nxb7 g6
21. Nxe3 Be5 22. Rb1 Rxb7 23. Nc4 Bg7 24. Nd6 Re7 25. Kd2 Nd7 26. Be2 a5 27.
Rhe1 axb4 28. Rxb4 Rxa2+ 29. Kd1 Ra1+ 30. Kd2 Bh6+ 31. Kc2 Rxe1 32. Bf3 Rc1+
33. Kb2 Rxc5 34. Ra4 Nb6 35. Ra6 Nd5 36. Ra8+ Bf8 37. Ne4 Rb5+ 38. Kc1 Reb7 39.
Nd6 Rb1+ 40. Kd2 R7b2# 0-1

[Event "4NCL Online Division 6"]
[Site "online"]
[Date "2020.11.17"]
[Round "7.231"]
[White "Sanfey, Gregor"]
[Black "Williams, Duncan"]
[Result "1-0"]
[WhiteElo "1690"]
[BlackElo "1847"]
[PlyCount "33"]
[EventDate "2020.11.17"]
[WhiteTeam "Barnet Knights C"]
[BlackTeam "Morriston Benko"]

1. g4 d5 2. Bg2 Bxg4 3. c4 Nf6 4. cxd5 Nxd5 5. Qb3 Be6 6. Qxb7 Nb6 7. Nc3 Bc8
8. Qe4 c6 9. d3 e6 10. Bf4 Bd6 11. Nh3 Nd5 12. Bg5 Qa5 13. Bd2 Nd7 14. Nxd5
Qxd5 15. Qg4 Nf6 16. Bxd5 Nxg4 17. Bxc6+ 1-0

[Event "4NCL Online Division 6"]
[Site "online"]
[Date "2020.11.17"]
[Round "7.232"]
[White "Jones, Huw"]
[Black "Grose, Kameron"]
[Result "1/2-1/2"]
[WhiteElo "1624"]
[BlackElo "1630"]
[PlyCount "40"]
[EventDate "2020.11.17"]
[WhiteTeam "Morriston Benko"]
[BlackTeam "Barnet Knights C"]

1. d4 d5 2. e4 dxe4 3. Nc3 Nf6 4. f3 Bf5 5. fxe4 Nxe4 6. Qf3 Nxc3 7. bxc3 e6 8.
Qxb7 Nd7 9. Bb5 Qh4+ 10. Kf1 Be4 11. Bc6 Bxc6 12. Qxc6 Rc8 13. Nf3 Qh5 14. Ne5
Qf5+ 15. Kg1 Rd8 16. Nxd7 Rxd7 17. Qa8+ Rd8 18. Qc6+ Rd7 19. Qa8+ Rd8 20. Qc6+
Rd7 1/2-1/2

[Event "4NCL Online Division 6"]
[Site "online"]
[Date "2020.11.17"]
[Round "7.233"]
[White "Angelopoulos, Andreas"]
[Black "Williams, Luke"]
[Result "0-1"]
[WhiteElo "1540"]
[BlackElo "1671"]
[PlyCount "118"]
[EventDate "2020.11.17"]
[WhiteTeam "Barnet Knights C"]
[BlackTeam "Morriston Benko"]

1. d4 Nf6 2. c4 d5 3. Nc3 e6 4. Nf3 Bb4 5. e3 O-O 6. Be2 Ne4 7. Qc2 Nc6 8. O-O
Bxc3 9. bxc3 Ne7 10. Ba3 Re8 11. Bd3 Nf6 12. Bxe7 Qxe7 13. Ne5 c5 14. Qb3 b6
15. cxd5 Nxd5 16. Bb5 Rf8 17. Bc6 Bb7 18. c4 Nb4 19. Bxb7 Qxb7 20. a3 Nc6 21.
Nxc6 Qxc6 22. d5 exd5 23. cxd5 Qf6 24. Rad1 Rfd8 25. Rfe1 Qe5 26. Qd3 Rd6 27.
e4 Re8 28. g3 Qb2 29. f4 f6 30. Rd2 c4 31. Rxb2 cxd3 32. Rd2 Rxd5 33. exd5
Rxe1+ 34. Kf2 Re2+ 35. Rxe2 dxe2 36. Kxe2 Kf7 37. Kd3 Ke7 38. Kd4 Kd6 39. h3 g6
40. g4 h5 41. gxh5 gxh5 42. Ke4 b5 43. Kf5 Ke7 44. d6+ Kxd6 45. Kxf6 a5 46. Kg6
b4 47. axb4 axb4 48. f5 b3 49. f6 b2 50. f7 b1=Q+ 51. Kg7 Qg1+ 52. Kf6 Qd4+ 53.
Kg6 Qh8 54. h4 Qf8 55. Kf6 Kd7 56. Kg6 Ke6 57. Kxh5 Qxf7+ 58. Kh6 Kf6 59. h5
Qg7# 0-1

[Event "4NCL Online Division 6"]
[Site "online"]
[Date "2020.11.17"]
[Round "7.234"]
[White "Giannini, John"]
[Black "Sarkar, Rian"]
[Result "0-1"]
[WhiteElo "850"]
[BlackElo "1600"]
[PlyCount "60"]
[EventDate "2020.11.17"]
[WhiteTeam "Morriston Benko"]
[BlackTeam "Barnet Knights C"]

1. e4 c5 2. Bc4 e6 3. d4 cxd4 4. Qxd4 Nc6 5. Qd3 Qc7 6. Nf3 d6 7. O-O Nf6 8.
Nc3 a6 9. a3 Be7 10. Be3 O-O 11. Bf4 Rd8 12. Bb3 Ne5 13. Qe3 Nfg4 14. Qd2 Nxf3+
15. gxf3 Ne5 16. Qe3 b5 17. Rfd1 Bb7 18. Bxe5 dxe5 19. Qe2 Bc6 20. Qe3 Qb7 21.
Qe1 Bc5 22. Kf1 Kh8 23. h4 f5 24. Bxe6 fxe4 25. Nxe4 Qe7 26. Bb3 Qxh4 27. Rd2
Bxe4 28. fxe4 Rxd2 29. Rd1 Rxf2+ 30. Qxf2 Qxf2# 0-1

[Event "4NCL Online Division 6"]
[Site "online"]
[Date "2020.11.17"]
[Round "7.241"]
[White "Jenkins, David R"]
[Black "Wilson, Matthew R"]
[Result "0-1"]
[WhiteElo "1532"]
[BlackElo "1758"]
[PlyCount "56"]
[EventDate "2020.11.17"]
[WhiteTeam "Lerryn Clowns"]
[BlackTeam "Wolfpack"]

1. e4 e5 2. f4 exf4 3. Nf3 Nf6 4. Nc3 d5 5. exd5 Nxd5 6. Nxd5 Qxd5 7. b3 Bd6 8.
Bc4 Qe4+ 9. Kf2 O-O 10. Re1 Qf5 11. d4 Nc6 12. Bd3 Qh5 13. c3 Bg4 14. Rh1 Rfe8
15. Bd2 Ne7 16. h3 Bf5 17. Be2 Qh6 18. c4 Ba3 19. Bc1 Bb4 20. a3 Bc3 21. Ra2
Bb1 22. Bxf4 Qxf4 23. Qxb1 Bxd4+ 24. Kf1 Nf5 25. Ke1 Bc3+ 26. Nd2 Ng3 27. Kd1
Nxh1 28. Qd3 Nf2+ 0-1

[Event "4NCL Online Division 6"]
[Site "online"]
[Date "2020.11.17"]
[Round "7.242"]
[White "Gliddon, Daniel J"]
[Black "Young, Andy"]
[Result "0-1"]
[WhiteElo "1509"]
[BlackElo "1472"]
[PlyCount "118"]
[EventDate "2020.11.17"]
[WhiteTeam "Wolfpack"]
[BlackTeam "Lerryn Clowns"]

1. e4 c6 2. d4 d5 3. exd5 cxd5 4. Nf3 Nc6 5. c4 dxc4 6. Bxc4 Bg4 7. Bxf7+ Kxf7
8. Ng5+ Ke8 9. Qxg4 Qxd4 10. Qf5 Nh6 11. Qf3 Ne5 12. Qh5+ g6 13. Qe2 Nd3+ 14.
Kf1 Nxc1 15. Qb5+ Qd7 16. Qxd7+ Kxd7 17. Nc3 Nd3 18. Rd1 Kc6 19. Rxd3 Bg7 20.
Ke2 Rad8 21. Re3 Bf6 22. Ne6 Rd6 23. Rc1 Bxc3 24. Rcxc3+ Kb6 25. Nc5 Nf5 26.
Re4 a6 27. Rb4+ Ka7 28. Rxb7+ Ka8 29. Rc7 Nd4+ 30. Ke1 Nb5 31. Ne4 Re6 32. Rc8+
Rxc8 33. Rxc8+ Kb7 34. Rc4 Nd6 35. Rb4+ Kc6 36. f3 Kd5 37. Kf2 Nxe4+ 38. fxe4+
Rxe4 39. Rxe4 Kxe4 40. a4 Kd3 41. b4 Kc4 42. b5 axb5 43. axb5 Kxb5 44. Ke3 Kc5
45. Ke4 Kd6 46. Kd4 Ke6 47. Ke4 Kf6 48. Kf4 e5+ 49. Ke4 g5 50. g4 Ke6 51. h3 h6
52. Ke3 Kd5 53. Kd3 e4+ 54. Ke3 Ke5 55. Ke2 Kf4 56. Kf2 e3+ 57. Ke2 Kg3 58.
Kxe3 Kxh3 59. Kf3 Kh4 0-1

[Event "4NCL Online Division 6"]
[Site "online"]
[Date "2020.11.17"]
[Round "7.243"]
[White "Jenkins, Simon"]
[Black "Bloom, Paul"]
[Result "0-1"]
[WhiteElo "1472"]
[BlackElo "1525"]
[PlyCount "86"]
[EventDate "2020.11.17"]
[WhiteTeam "Lerryn Clowns"]
[BlackTeam "Wolfpack"]

1. e4 c5 2. Nc3 e6 3. f4 Ne7 4. Bc4 a6 5. d3 b5 6. Bb3 Nbc6 7. a3 g6 8. Nce2
Bg7 9. c3 d5 10. e5 Bb7 11. Nf3 Nf5 12. O-O Qb6 13. Bc2 d4 14. g4 Ne3 15. Bxe3
dxe3 16. Qc1 Ne7 17. Qxe3 Nd5 18. Qd2 Rd8 19. Ng5 Qc6 20. Ng3 Ne3 21. N5e4 Nxf1
22. Rxf1 h5 23. Bd1 h4 24. Bf3 Qb6 25. Nd6+ Rxd6 26. Bxb7 Qxb7 27. exd6 hxg3
28. Qg2 gxh2+ 29. Kh1 Qxg2+ 30. Kxg2 h1=Q+ 31. Rxh1 Rxh1 32. Kxh1 Kd7 33. Kg2
Kxd6 34. Kf3 Kd5 35. g5 e5 36. b3 exf4 37. c4+ Kd4 38. cxb5 axb5 39. a4 bxa4
40. bxa4 Be5 41. a5 Kxd3 42. a6 Bb8 43. Kg4 c4 0-1

[Event "4NCL Online Division 6"]
[Site "online"]
[Date "2020.11.17"]
[Round "7.244"]
[White "Vernon, Colin G"]
[Black "Knight, Steven"]
[Result "0-1"]
[WhiteElo "1392"]
[BlackElo "1495"]
[PlyCount "138"]
[EventDate "2020.11.17"]
[WhiteTeam "Wolfpack"]
[BlackTeam "Lerryn Clowns"]

1. e4 e5 2. Nf3 Nc6 3. d4 exd4 4. Nxd4 Ne5 5. c3 Nf6 6. Bg5 h6 7. Bf4 d6 8. f3
Be7 9. Qd2 Bd7 10. Na3 a6 11. Nc4 Nxc4 12. Bxc4 b5 13. Bb3 c5 14. Nf5 Bxf5 15.
exf5 c4 16. Bc2 Qb6 17. O-O-O Rd8 18. Rhe1 Rd7 19. Bxd6 Qa7 20. Qe2 Kf8 21.
Bxe7+ Rxe7 22. Be4 Kg8 23. Rd8+ Kh7 24. Rxh8+ Kxh8 25. Rd1 a5 26. Qc2 Qe3+ 27.
Kb1 Nxe4 28. fxe4 Qxe4 29. Rd8+ Kh7 30. Qxe4 Rxe4 31. Kc2 Re2+ 32. Rd2 Re5 33.
g4 h5 34. h3 hxg4 35. hxg4 Re4 36. g5 Re5 37. Rf2 g6 38. Rh2+ Kg8 39. fxg6 fxg6
40. Rg2 Kf7 41. Rf2+ Rf5 42. Rg2 Ke6 43. b3 cxb3+ 44. Kxb3 Kd5 45. Rg4 Kc5 46.
a4 bxa4+ 47. Kxa4 Kb6 48. c4 Rc5 49. Kb3 Kc6 50. Rg1 Kd6 51. Rg4 Ke5 52. Kc3
Kf5 53. Rg1 Kf4 54. Kd4 Rxg5 55. Rxg5 Kxg5 56. c5 a4 57. c6 a3 58. c7 a2 59.
c8=Q a1=Q+ 60. Kd5 Qd1+ 61. Ke5 Qe2+ 62. Kd5 Qd3+ 63. Ke5 Qf5+ 64. Qxf5+ gxf5
65. Kd4 Kg4 66. Ke3 Kg3 67. Ke2 f4 68. Kf1 Kf3 69. Kg1 Ke2 0-1

[Event "4NCL Online Division 6"]
[Site "online"]
[Date "2020.11.17"]
[Round "7.251"]
[White "Manger, John D"]
[Black "Robinson, Neil"]
[Result "0-1"]
[WhiteElo "1705"]
[BlackElo "1640"]
[PlyCount "76"]
[EventDate "2020.11.17"]
[WhiteTeam "Oadby & Blaby"]
[BlackTeam "Cornish Wreckers"]

1. e4 c6 2. d4 d5 3. exd5 cxd5 4. Bd3 Nf6 5. h3 Nc6 6. Nf3 e6 7. c3 Bd6 8. O-O
O-O 9. Re1 Qc7 10. Nbd2 Bd7 11. Qe2 Ne7 12. Ne5 Ng6 13. Ndf3 Nh5 14. Bc2 Nhf4
15. Qe3 f6 16. Nd3 Nxd3 17. Qxd3 Rfe8 18. Bd2 Bc6 19. h4 e5 20. dxe5 fxe5 21.
Qf5 Qf7 22. Qh5 Nf8 23. Qxf7+ Kxf7 24. Ng5+ Kg8 25. Re2 h6 26. Nf3 Nd7 27. a4
b5 28. axb5 Bxb5 29. Ree1 a6 30. b3 Nc5 31. Re3 e4 32. Nd4 Bf4 33. Bxe4 Nxe4
34. Nxb5 Bxe3 35. Nc7 Bxd2 36. Nxe8 Rxe8 37. Rxa6 Bxc3 38. Rb6 d4 0-1

[Event "4NCL Online Division 6"]
[Site "online"]
[Date "2020.11.17"]
[Round "7.252"]
[White "Doubleday, Peter"]
[Black "Harrison, Peter K"]
[Result "1-0"]
[WhiteElo "1412"]
[BlackElo "1750"]
[PlyCount "57"]
[EventDate "2020.11.17"]
[WhiteTeam "Cornish Wreckers"]
[BlackTeam "Oadby & Blaby"]

1. e4 e5 2. Nf3 Nc6 3. Bb5 a6 4. Ba4 Nf6 5. O-O Be7 6. Re1 b5 7. Bb3 O-O 8. c3
d6 9. h3 h6 10. d4 Bb7 11. Nbd2 Re8 12. Nf1 Bf8 13. Ng3 Na5 14. Bc2 c5 15. d5
Bc8 16. b3 Nb7 17. Qe2 Bd7 18. Be3 Qa5 19. Bd2 Qc7 20. Nh4 Qc8 21. Nhf5 Kh7 22.
Qf3 Qd8 23. Nh5 Nxh5 24. Qxh5 Qf6 25. Qf3 Bxf5 26. exf5 c4 27. g4 g5 28. fxg6+
Kg7 29. Bxh6+ 1-0

[Event "4NCL Online Division 6"]
[Site "online"]
[Date "2020.11.17"]
[Round "7.253"]
[White "Johnson, Andy G"]
[Black "Evdokimova, Maria"]
[Result "1-0"]
[WhiteElo "1720"]
[BlackElo "1390"]
[PlyCount "75"]
[EventDate "2020.11.17"]
[WhiteTeam "Oadby & Blaby"]
[BlackTeam "Cornish Wreckers"]

1. d4 d5 2. e3 Nf6 3. Bd3 Nc6 4. c3 e5 5. Nd2 Bd6 6. b3 Qe7 7. dxe5 Bxe5 8. Bb2
O-O 9. Ngf3 Bg4 10. Qc2 Bxf3 11. Nxf3 Rad8 12. O-O g6 13. Rad1 Bd6 14. Rfe1 Ne4
15. Bb5 Ne5 16. Nxe5 Bxe5 17. f3 Nf6 18. Bd3 c6 19. c4 Bc7 20. Qc3 d4 21. exd4
Qd6 22. g3 c5 23. d5 Kg7 24. Re4 Qa6 25. g4 g5 26. Qd2 h6 27. h4 Bf4 28. Rxf4
gxf4 29. Qxf4 Qd6 30. Be5 Qe7 31. Qf5 Rh8 32. g5 hxg5 33. hxg5 Kf8 34. gxf6
Rg8+ 35. Kf2 Qd7 36. Qh5 Ke8 37. Re1 Kf8 38. Qh6+ 1-0

[Event "4NCL Online Division 6"]
[Site "online"]
[Date "2020.11.17"]
[Round "7.254"]
[White "Brown, Hugh"]
[Black "Twigg, James"]
[Result "1-0"]
[WhiteElo "1345"]
[BlackElo "1705"]
[PlyCount "99"]
[EventDate "2020.11.17"]
[WhiteTeam "Cornish Wreckers"]
[BlackTeam "Oadby & Blaby"]

1. Nf3 d5 2. d4 Nf6 3. Nc3 Bg4 4. h3 Bxf3 5. exf3 Nc6 6. Be3 e5 7. Bb5 exd4 8.
Bxc6+ bxc6 9. Bxd4 c5 10. Qe2+ Be7 11. Bxc5 Nd7 12. Bxe7 Qxe7 13. Qxe7+ Kxe7
14. Nxd5+ Kd8 15. O-O Re8 16. Rfe1 Rc8 17. Rxe8+ Kxe8 18. Re1+ Kf8 19. Re7 c6
20. Rxd7 cxd5 21. c3 a5 22. Rxd5 a4 23. Ra5 Rc4 24. Ra8+ Ke7 25. Ra7+ Ke6 26.
Kh2 h5 27. g4 h4 28. Kg2 g5 29. a3 f5 30. Rb7 Ke5 31. Rb5+ Kf4 32. Rb4 Rxb4 33.
cxb4 fxg4 34. fxg4 Ke4 35. b5 Kd5 36. Kf3 Kc5 37. Ke4 Kxb5 38. Kf5 Kc4 39. Kxg5
Kb3 40. Kxh4 Kxb2 41. g5 Kxa3 42. g6 Kb2 43. g7 a3 44. g8=Q a2 45. Qxa2+ Kxa2
46. f4 Kb3 47. f5 Kc4 48. f6 Kd5 49. f7 Ke6 50. f8=Q 1-0

[Event "4NCL Online Division 6"]
[Site "online"]
[Date "2020.11.17"]
[Round "7.5"]
[White "Castaneda, William"]
[Black "Smith, Bob"]
[Result "1-0"]
[WhiteElo "1727"]
[BlackElo "1425"]
[PlyCount "115"]
[EventDate "2020.11.17"]
[WhiteTeam "Maidenhead 2"]
[BlackTeam "East Kilbride Wanderers"]

1. d4 c5 2. Nf3 cxd4 3. Nxd4 d5 4. Bg5 Qb6 5. Nb3 e6 6. e3 Nd7 7. c3 Ngf6 8.
N1d2 Bd6 9. Qc2 Qc7 10. Bh4 b6 11. Nd4 a6 12. Be2 Nc5 13. Bg3 Nfe4 14. Nxe4
Nxe4 15. Bxd6 Nxd6 16. O-O Bd7 17. a4 h5 18. f4 Nc4 19. Bxc4 Qxc4 20. Nf3 Rh6
21. Ne5 Qc7 22. Rfe1 f6 23. Nf3 Kf7 24. Rf1 Rc8 25. Qd2 Qc4 26. Qc2 Qc7 27. h3
h4 28. Rf2 Qc5 29. Qd2 Qc4 30. Qc2 Qc5 31. Re1 Re8 32. Nh2 Qc4 33. b3 Qc7 34.
Ref1 Rc8 35. Rc1 f5 36. Nf3 Rg6 37. Ne5+ Kf6 38. Rff1 Rg3 39. Qf2 Ke7 40. Nf3
Rh8 41. Rfd1 Rg6 42. Ne5 Rgh6 43. Nf3 R6h7 44. Ng5 Rh6 45. Qd2 Rd8 46. Qd4 Rg6
47. Nf3 Kf8 48. Ne5 Rh6 49. Qd2 Kg8 50. Nf3 Be8 51. Ng5 Bf7 52. c4 Rg6 53. cxd5
Qd7 54. d6 Rxg5 55. fxg5 Bh5 56. Rc7 Qe8 57. Rdc1 Bf7 58. d7 1-0

[Event "4NCL Online Division 6"]
[Site "online"]
[Date "2020.11.17"]
[Round "7.6"]
[White "Dunn, Jeff"]
[Black "Markov, Aleksa"]
[Result "1-0"]
[WhiteElo "1350"]
[BlackElo "1315"]
[PlyCount "51"]
[EventDate "2020.11.17"]
[WhiteTeam "East Kilbride Wanderers"]
[BlackTeam "Maidenhead 2"]

1. d4 d5 2. Nf3 Nc6 3. e3 Nf6 4. c3 Bg4 5. Nbd2 Ne4 6. Qb3 Nxd2 7. Nxd2 e6 8.
Qxb7 Ne7 9. Bb5+ c6 10. Bxc6+ Nxc6 11. Qxc6+ Ke7 12. O-O f6 13. Nb3 Kf7 14. f3
Bf5 15. e4 dxe4 16. fxe4 Bg4 17. Be3 Kg8 18. h3 Bh5 19. Qxe6+ Bf7 20. Qg4 Bxb3
21. axb3 g6 22. Qe6+ Kg7 23. Ra6 Be7 24. d5 g5 25. Bxg5 fxg5 26. Qf7# 1-0

[Event "4NCL Online Division 6"]
[Site "online"]
[Date "2020.11.17"]
[Round "7.7"]
[White "Chen, William"]
[Black "Shrestha, Unnabh"]
[Result "1-0"]
[WhiteElo "1270"]
[BlackElo "1085"]
[PlyCount "81"]
[EventDate "2020.11.17"]
[WhiteTeam "Maidenhead 2"]
[BlackTeam "East Kilbride Wanderers"]

1. e4 c6 2. d4 d5 3. exd5 cxd5 4. c4 Nf6 5. Nc3 Nc6 6. Bf4 Bf5 7. Nf3 e6 8. Be2
Ne4 9. O-O Bd6 10. Ne5 Qc7 11. cxd5 Nxc3 12. bxc3 exd5 13. Bb5 O-O 14. Re1 a6
15. Bd3 Bxd3 16. Qxd3 Rfe8 17. Qg3 f6 18. Nd3 Bxf4 19. Nxf4 Re7 20. Rxe7 Nxe7
21. Ne6 Qxg3 22. fxg3 Rc8 23. Nc5 Rc7 24. Rb1 Kf7 25. Rxb7 Rxb7 26. Nxb7 Ke6
27. Kf2 Kd7 28. Nc5+ Kc6 29. Nxa6 Kb5 30. Nc5 Kc4 31. a4 Nc6 32. Ke3 Kxc3 33.
Ne6 g6 34. Nf8 Nxd4 35. a5 Nc6 36. a6 Kb4 37. Nxh7 f5 38. Nf6 Ne7 39. a7 d4+
40. Kd3 Nd5 41. Nxd5+ 1-0

[Event "4NCL Online Division 6"]
[Site "online"]
[Date "2020.11.17"]
[Round "7.8"]
[White "Nagar, Pankaj"]
[Black "Balachandar, Sridhar"]
[Result "0-1"]
[WhiteElo "770"]
[BlackElo "1200"]
[PlyCount "34"]
[EventDate "2020.11.17"]
[WhiteTeam "East Kilbride Wanderers"]
[BlackTeam "Maidenhead 2"]

1. e4 e5 2. Bc4 Nc6 3. d3 Nf6 4. Nc3 Bb4 5. Bd2 d6 6. h3 h5 7. Qf3 Nd4 8. Qd1
a6 9. Nf3 Be6 10. Bxe6 Nxe6 11. a3 Bc5 12. Na4 d5 13. Nxc5 Nxc5 14. Nxe5 dxe4
15. dxe4 Ncxe4 16. f3 Qd4 17. Bc3 Qf2# 0-1

[Event "4NCL Online Division 6"]
[Site "online"]
[Date "2020.11.17"]
[Round "7.16"]
[White "Trofin, Marian"]
[Black "Leadbetter, Scott"]
[Result "0-1"]
[WhiteElo "1660"]
[BlackElo "1607"]
[PlyCount "106"]
[EventDate "2020.11.17"]
[WhiteTeam "Horsham 2"]
[BlackTeam "Crowthorne 2"]

1. d4 d6 2. Nc3 Nf6 3. h3 Nbd7 4. Bg5 e5 5. Nf3 Be7 6. e3 e4 7. Nd2 d5 8. Bb5
c6 9. Ba4 h6 10. Bf4 g5 11. Bg3 Rg8 12. a3 Nb6 13. Bb3 h5 14. Be5 g4 15. Qe2
Nbd7 16. Bg3 Nf8 17. h4 Ng6 18. O-O-O Be6 19. Be5 Nd7 20. g3 Ngxe5 21. dxe5
Nxe5 22. Ndxe4 Qa5 23. Nd2 O-O-O 24. Ba2 Bxa3 25. Nb3 Bxb2+ 26. Kxb2 Nc4+ 27.
Qxc4 Qxa2+ 28. Kxa2 dxc4 29. Nd4 Rg6 30. Ne4 Bd5 31. Nf5 Kc7 32. Ne7 Bxe4 33.
Nxg6 Bxh1 34. Rxd8 Kxd8 35. Nf4 Be4 36. c3 Bg6 37. Ka3 Kd7 38. Kb4 b5 39. Ka5
Kd6 40. Ka6 Kc5 41. Ka5 Kd6 42. Kb4 Kc7 43. Nxg6 fxg6 44. Ka5 Kd6 45. Kb4 Kd5
46. Ka5 Ke4 47. Kb4 Kd5 48. Ka5 Kc5 49. e4 b4 50. cxb4+ Kd4 51. Ka4 Kxe4 52.
Ka3 Kd3 53. Kb2 Kd2 0-1

[Event "4NCL Online Division 6"]
[Site "online"]
[Date "2020.11.17"]
[Round "7.17"]
[White "Rajeev-Lazar, Seyon"]
[Black "Barrowclough, Richard"]
[Result "1-0"]
[WhiteElo "1570"]
[BlackElo "1547"]
[PlyCount "59"]
[EventDate "2020.11.17"]
[WhiteTeam "Crowthorne 2"]
[BlackTeam "Horsham 2"]

1. g3 Nf6 2. d4 d5 3. Bg2 Bf5 4. c4 Bxb1 5. Rxb1 c6 6. cxd5 cxd5 7. Nf3 Qa5+ 8.
Bd2 Qxa2 9. Bc3 Ne4 10. Ra1 Nxc3 11. Rxa2 Nxd1 12. Kxd1 Nc6 13. Ne5 e6 14. e3
Nxe5 15. dxe5 a6 16. Ke2 Rc8 17. Kd3 Be7 18. e4 dxe4+ 19. Bxe4 Rc7 20. Raa1 Kd7
21. Rac1 Rhc8 22. Rxc7+ Rxc7 23. Bxh7 g6 24. h4 Rc8 25. h5 Rh8 26. hxg6 fxg6
27. Ke2 Ke8 28. Bxg6+ Kf8 29. Rxh8+ Kg7 30. Rh7+ 1-0

[Event "4NCL Online Division 6"]
[Site "online"]
[Date "2020.11.17"]
[Round "7.18"]
[White "Turvey, Guy"]
[Black "Adhikari, Aanya"]
[Result "1-0"]
[WhiteElo "1412"]
[BlackElo "1015"]
[PlyCount "71"]
[EventDate "2020.11.17"]
[WhiteTeam "Horsham 2"]
[BlackTeam "Crowthorne 2"]

1. e4 e5 2. Nf3 Nc6 3. Bc4 Nf6 4. d4 exd4 5. O-O Bc5 6. e5 d5 7. exf6 dxc4 8.
fxg7 Rg8 9. Re1+ Be6 10. Bh6 Qf6 11. Qd2 O-O-O 12. Qg5 Be7 13. Qh5 Rd5 14. Ng5
Nb4 15. Na3 d3 16. Rad1 Qxb2 17. Nxc4 Qc3 18. cxd3 Nxd3 19. Rxe6 fxe6 20. Qf7
Rdd8 21. Qxe6+ Kb8 22. Ne4 Qd4 23. Ne3 Rde8 24. Nf5 Bd6 25. Nxd4 Rxe6 26. Nxe6
Ne5 27. Nxd6 cxd6 28. Rxd6 Nf7 29. Rd7 Rc8 30. Bf4+ Ka8 31. Nc7+ Kb8 32. Rxf7
a6 33. Rf8 Rxf8 34. gxf8=Q+ Ka7 35. Be3+ b6 36. Qa8# 1-0

[Event "4NCL Online Division 6"]
[Site "online"]
[Date "2020.11.17"]
[Round "7.25"]
[White "Wilson, Andrew B"]
[Black "Gardner, Tim"]
[Result "0-1"]
[WhiteElo "1675"]
[BlackElo "1600"]
[PlyCount "82"]
[EventDate "2020.11.17"]
[WhiteTeam "Ashby Ivanhoe"]
[BlackTeam "Barnet Knights D"]

1. c4 Nf6 2. g3 e5 3. Bg2 Be7 4. Nc3 O-O 5. d3 c6 6. Nf3 d6 7. h3 Nbd7 8. O-O
a5 9. b3 Nc5 10. Bb2 h6 11. d4 exd4 12. Nxd4 Nh7 13. Qc2 Ng5 14. Kh2 f5 15. f4
Nge4 16. Nxe4 Nxe4 17. Bxe4 fxe4 18. Qxe4 Re8 19. Qc2 Bf6 20. Rae1 Re3 21. Rf3
Qe7 22. Qd2 Re4 23. e3 a4 24. Qc1 axb3 25. axb3 Ra2 26. Rff1 c5 27. Qb1 Rxb2+
28. Qxb2 cxd4 29. Qd2 dxe3 30. Qd5+ Kh8 31. Re2 Rd4 32. Qf3 Rd3 33. Rfe1 Bd4
34. Qd5 Qf6 35. Qb5 Qe6 36. f5 Qxf5 37. Qxf5 Bxf5 38. Rf1 Rd2 39. Rfe1 Bd3 40.
Rxd2 exd2 41. Rd1 Bc3 0-1